[Event "Anderssen Festival 2019"]
[Site "Wroclaw"]
[Date "2019.08.08"]
[Round "6.8"]
[White "Lugovskoy, Maxim"]
[Black "Piekielny, Pawel"]
[Result "0-1"]
[WhiteElo "2425"]
[BlackElo "1985"]
[Annotator "NA"]
[PlyCount "90"]
[EventDate "2019.08.05"]
[EventType "swiss"]
[EventCountry "POL"]
[SourceTitle "playchess.com"]
[Source "ChessBase"]
[SourceQuality "1"]
[TimeControl "40/5400+30:900+30"]

1. d4 Nf6 2. Nc3 e6 3. e4 d5 4. e5 Nfd7 5. f4 c5 6. Nf3 Qb6 7. a3 Nc6 8. Be3 a6 9. Kf2 Qa7 10. g3 cxd4 11. Nxd4 Bc5 12. Nce2 f6 13. b4 Bb6 14. exf6 Nxf6 15. Kg2 Ne7 16. h3 O-O 17. Kh2 Bd7 18. Bg2 Rac8 19. Re1 Rc4 20. c3 Rfc8 21. a4 a5 22. Nb5 Bxb5 23. Bxb6 Qxb6 24. bxa5 Qxa5 25. axb5 Qxb5 26. Nd4 Qd7 27. Nxe6 Rxc3 28. g4 Rc2 29. g5 Ne8 30. Nd4 Rf2 31. Rc1 Ng6 32. Rxc8 Qxc8 33. Kg1 Rxf4 34. Ne6 Rf5 35. Qd4 Qd7 36. h4 Nc7 37. Nxc7 Qxc7 38. h5 Nf4 39. g6 hxg6 40. hxg6 Qc6 41. Qf2 Qxg6 42. Re3 Nxg2 43. Rg3 Rxf2 44. Rxg6 Rb2 45. Rb6 Rxb6 0-1

[Event "Anderssen Festival 2019"]
[Site "Wroclaw"]
[Date "2019.08.08"]
[Round "6.9"]
[White "Nowak, Filip"]
[Black "Czyz, Andrzej"]
[Result "0-1"]
[WhiteElo "1589"]
[BlackElo "2000"]
[Annotator "NA"]
[PlyCount "92"]
[EventDate "2019.08.05"]
[EventType "swiss"]
[EventCountry "POL"]
[SourceTitle "playchess.com"]
[Source "ChessBase"]
[SourceQuality "1"]
[TimeControl "40/5400+30:900+30"]

1. e4 d5 2. exd5 Nf6 3. d4 Nxd5 4. c4 Nf6 5. Nc3 Bf5 6. Nf3 e6 7. Bd3 Bg4 8. Be2 Be7 9. O-O O-O 10. h3 Bh5 11. Be3 c6 12. Ne5 Bxe2 13. Qxe2 Nbd7 14. Rfd1 Qa5 15. Nxd7 Nxd7 16. Qc2 Nf6 17. b3 Rfd8 18. Ne4 Nxe4 19. Qxe4 Rd7 20. Qc2 Rad8 21. Rd3 Qf5 22. Rad1 h6 23. R3d2 Qxc2 24. Rxc2 e5 25. d5 b6 26. Rcd2 cxd5 27. Rxd5 Rxd5 28. Rxd5 Rxd5 29. cxd5 f5 30. f3 Kf7 31. Kf2 Bb4 32. Ke2 Ke7 33. Kd3 Kd6 34. Kc4 Be1 35. g4 f4 36. Bc1 b5+ 37. Kd3 Kxd5 38. Ba3 b4 39. Bb2 a5 40. a4 g6 41. Ba1 Bc3 42. Bxc3 bxc3 43. h4 e4+ 44. fxe4+ Ke5 45. b4 f3 46. b5 f2 0-1

[Event "Anderssen Festival 2019"]
[Site "Wroclaw"]
[Date "2019.08.08"]
[Round "6.10"]
[White "Luberanski, Jakub"]
[Black "Rog, Mateusz"]
[Result "1-0"]
[WhiteElo "2010"]
[BlackElo "1473"]
[Annotator "NA"]
[PlyCount "147"]
[EventDate "2019.08.05"]
[EventType "swiss"]
[EventCountry "POL"]
[SourceTitle "playchess.com"]
[Source "ChessBase"]
[SourceQuality "1"]
[TimeControl "40/5400+30:900+30"]

1. d4 Nf6 2. Bf4 g6 3. e3 Bg7 4. h3 d6 5. Nf3 Nbd7 6. Be2 b6 7. O-O Bb7 8. c4 Ne4 9. Bh2 c5 10. Nbd2 O-O 11. d5 Ndf6 12. Nxe4 Nxe4 13. Qc2 Nf6 14. e4 e6 15. dxe6 Nxe4 16. exf7+ Rxf7 17. Bd3 Ng5 18. Nxg5 Qxg5 19. Be4 Bxe4 20. Qxe4 Rd8 21. Rad1 Bd4 22. Rxd4 cxd4 23. Qxd4 Qc5 24. Qh4 Rc8 25. b3 Qa3 26. Qg4 Rcf8 27. Qe6 Rd8 28. Qe2 d5 29. cxd5 Rxd5 30. Qe8+ Qf8 31. Qe6 Rdd7 32. Rc1 Rde7 33. Qc4 Qe8 34. Bg3 Re1+ 35. Rxe1 Qxe1+ 36. Kh2 Kg7 37. Qd4+ Kf8 38. Qh8+ Ke7 39. Bh4+ Kd6 40. Qb8+ Kc5 41. Qc8+ Kd6 42. Qb8+ Kc6 43. Qa8+ Rb7 44. Bg3 Qe6 45. Qd8 Rd7 46. Qc8+ Kb5 47. f3 Re7 48. Qb8 Qc6 49. Qf4 Ka6 50. a4 Re2 51. Qb4 Kb7 52. Qd4 g5 53. Qg7+ Ka6 54. Qxg5 Qc5 55. Qg4 Qc2 56. Bb8 Kb7 57. Bf4 Qxb3 58. Qd7+ Ka6 59. Bb8 Ka5 60. Qxa7+ Kb4 61. Qxb6+ Ka3 62. Qxb3+ Kxb3 63. a5 Ra2 64. Bc7 Kc3 65. Bb6 Kd3 66. Kg3 Ke2 67. f4 Kf1 68. f5 Rxg2+ 69. Kf4 Rg8 70. f6 Kg2 71. Kf5 h5 72. f7 Rf8 73. Kf6 h4 74. Kg7 1-0

[Event "Anderssen Festival 2019"]
[Site "Wroclaw"]
[Date "2019.08.08"]
[Round "6.11"]
[White "Plichta, Krzysztof"]
[Black "Gorny, Michael"]
[Result "1/2-1/2"]
[WhiteElo "1582"]
[BlackElo "2067"]
[Annotator "NA"]
[PlyCount "102"]
[EventDate "2019.08.05"]
[EventType "swiss"]
[EventCountry "POL"]
[SourceTitle "playchess.com"]
[Source "ChessBase"]
[SourceQuality "1"]
[TimeControl "40/5400+30:900+30"]

1. e4 {[%emt 0:00:00]} c5 {[%emt 0:00:00]} 2. Nc3 {[%emt 0:00:00]} d6 {[%emt 0:00:10]} 3. f4 {[%emt 0:00:00]} g6 {[%emt 0:00:30]} 4. Nf3 {[%emt 0:00:01]} Bg7 {[%emt 0:00:09]} 5. Bb5+ {[%emt 0:00:09]} Bd7 {[%emt 0:00:59]} 6. Bxd7+ {[%emt 0:00:16]} Qxd7 {[%emt 0:00:48]} 7. d3 {[%emt 0:01:02]} Nc6 {[%emt 0:00:53]} 8. O-O {[%emt 0:00:27]} e6 {[%emt 0:02:22]} 9. Qe1 {[%emt 0:00:27]} Nd4 {[%emt 0:00:38]} 10. Nxd4 {[%emt 0:00:49]} cxd4 {[%emt 0:01:02]} 11. Ne2 {[%emt 0:00:54]} Ne7 {[%emt 0:00:46]} 12. Qf2 {[%emt 0:00:53]} Nc6 {[%emt 0:02:30]} 13. b3 {[%emt 0:01:45]} f6 {[%emt 0:08:04]} 14. Nxd4 {[%emt 0:05:50]} Nxd4 {[%emt 0:00:20]} 15. Qxd4 {[%emt 0:00:06]} f5 {[%emt 0:00:17]} 16. e5 {[%emt 0:00:24]} dxe5 {[%emt 0:00:16]} 17. Qxd7+ {[%emt 0:00:18]} Kxd7 {[%emt 0:00:05]} 18. Bb2 {[%emt 0:00:52]} Rhg8 {[%emt 0:04:49]} 19. Bxe5 {[%emt 0:00:54]} Bxe5 {[%emt 0:00:09]} 20. fxe5 {[%emt 0:00:06]} Rac8 {[%emt 0:01:48]} 21. c4 {[%emt 0:00:42]} Rgd8 {[%emt 0:03:45]} 22. Rad1 {[%emt 0:01:55]} Ke7 {[%emt 0:02:57]} 23. Kf2 {[%emt 0:03:01]} Rd4 {[%emt 0:08:51]} 24. Ke3 {[%emt 0:00:25]} Rcd8 {[%emt 0:00:23]} 25. Rf4 {[%emt 0:00:27]} R4d7 {[%emt 0:00:05]} 26. d4 {[%emt 0:00:59]} b5 {[%emt 0:02:25]} 27. cxb5 {[%emt 0:01:02]} Rd5 {[%emt 0:00:47]} 28. a4 {[%emt 0:02:03]} Rxe5+ {[%emt 0:00:18]} 29. dxe5 {[%emt 0:00:47]} Rxd1 {[%emt 0:00:12]} 30. Rc4 {[%emt 0:01:21]} g5 {[%emt 0:05:36]} 31. Rc7+ {[%emt 0:00:46]} Rd7 {[%emt 0:00:14]} 32. Rxd7+ {[%emt 0:00:24]} Kxd7 {[%emt 0:00:05]} 33. a5 {[%emt 0:07:40]} Kc7 {[%emt 0:00:22]} 34. h3 {[%emt 0:04:44]} Kb7 {[%emt 0:08:38]} 35. Kd4 {[%emt 0:05:06]} a6 {[%emt 0:12:02]} 36. bxa6+ {[%emt 0:11:50]} Kxa6 {[%emt 0:00:08]} 37. Kc5 {[%emt 0:04:20]} h5 {[%emt 0:18:21]} 38. Kd6 {[%emt 0:14:12]} f4 {[%emt 0:01:53]} 39. Kxe6 {[%emt 0:02:06]} g4 {[%emt 0:00:20]} 40. hxg4 {[%emt 0:00:00]} hxg4 {[%emt 0:00:00]} 41. Kd6 {[%emt 0:04:52]} f3 {[%emt 0:01:09]} 42. gxf3 {[%emt 0:00:10]} gxf3 {[%emt 0:00:05]} 43. e6 {[%emt 0:00:05]} f2 {[%emt 0:00:05]} 44. e7 {[%emt 0:00:04]} f1=Q {[%emt 0:01:58]} 45. e8=Q {[%emt 0:00:00]} Qd3+ {[%emt 0:00:32]} 46. Kc7 {[%emt 0:01:29]} Qg3+ {[%emt 0:03:06]} 47. Kd7 {[%emt 0:01:41]} Qd3+ {[%emt 0:00:06]} 48. Kc7 {[%emt 0:01:36]} Qg3+ {[%emt 0:00:05]} 49. Kc8 {[%emt 0:03:06]} Qc3+ {[%emt 0:00:31]} 50. Kd7 {[%emt 0:00:56]} Qd3+ {[%emt 0:00:20]} 51. Kc7 {[%emt 0:00:20]} Qg3+ {[%emt 0:00:47]} 1/2-1/2

[Event "Anderssen Festival 2019"]
[Site "Wroclaw"]
[Date "2019.08.08"]
[Round "6.12"]
[White "Wieczorek, Zbigniew"]
[Black "Willnecker, Olaf"]
[Result "1/2-1/2"]
[WhiteElo "2235"]
[BlackElo "1884"]
[Annotator "NA"]
[PlyCount "51"]
[EventDate "2019.08.05"]
[EventType "swiss"]
[EventCountry "POL"]
[SourceTitle "playchess.com"]
[Source "ChessBase"]
[SourceQuality "1"]
[TimeControl "40/5400+30:900+30"]

1. Nf3 {[%emt 0:00:00]} Nf6 {[%emt 0:00:00]} 2. g3 {[%emt 0:00:00]} d5 {[%emt 0:00:00]} 3. Bg2 {[%emt 0:00:09]} c6 {[%emt 0:00:04]} 4. d3 {[%emt 0:00:09]} Bg4 {[%emt 0:01:05]} 5. O-O {[%emt 0:02:03]} Nbd7 {[%emt 0:00:29]} 6. Qe1 {[%emt 0:02:00]} e5 {[%emt 0:01:03]} 7. e4 {[%emt 0:00:07]} dxe4 {[%emt 0:01:09]} 8. dxe4 {[%emt 0:00:05]} Bc5 {[%emt 0:05:17]} 9. Nbd2 {[%emt 0:01:26]} O-O {[%emt 0:00:30]} 10. h3 {[%emt 0:01:05]} Bxf3 {[%emt 0:01:23]} 11. Nxf3 {[%emt 0:00:30]} Qc7 {[%emt 0:04:42]} 12. Qe2 {[%emt 0:00:27]} Rfe8 {[%emt 0:02:10]} 13. Nh4 {[%emt 0:00:11]} Nf8 {[%emt 0:03:47]} 14. Nf5 {[%emt 0:01:52]} Ne6 {[%emt 0:01:55]} 15. c3 {[%emt 0:00:24]} Rad8 {[%emt 0:07:22]} 16. Qf3 {[%emt 0:03:52]} Nd7 {[%emt 0:07:51]} 17. Re1 {[%emt 0:03:01]} Bf8 {[%emt 0:06:20]} 18. Bf1 {[%emt 0:00:10]} a5 {[%emt 0:02:15]} 19. Be3 {[%emt 0:04:43]} Bc5 {[%emt 0:02:45]} 20. Rad1 {[%emt 0:04:09]} Bxe3 {[%emt 0:01:10]} 21. Qxe3 {[%emt 0:04:12]} Ndf8 {[%emt 0:03:30]} 22. h4 {[%emt 0:02:47]} Rxd1 {[%emt 0:00:48]} 23. Rxd1 {[%emt 0:00:04]} Rd8 {[%emt 0:00:08]} 24. Rxd8 {[%emt 0:03:22]} Qxd8 {[%emt 0:00:11]} 25. Qd3 {[%emt 0:01:34]} Qxd3 {[%emt 0:00:57]} 26. Bxd3 {[%emt 0:00:10]} 1/2-1/2

[Event "Anderssen Festival 2019"]
[Site "Wroclaw"]
[Date "2019.08.08"]
[Round "6.13"]
[White "Nguyen, Alex Dac-Vuong"]
[Black "Zerebiec, Maurycy"]
[Result "1-0"]
[WhiteElo "2267"]
[BlackElo "1708"]
[Annotator "NA"]
[PlyCount "71"]
[EventDate "2019.08.05"]
[EventType "swiss"]
[EventCountry "POL"]
[SourceTitle "playchess.com"]
[Source "ChessBase"]
[SourceQuality "1"]
[TimeControl "40/5400+30:900+30"]

1. e4 {[%emt 0:00:00]} e6 {[%emt 0:00:00]} 2. d4 {[%emt 0:00:00]} d5 {[%emt 0:00:00]} 3. Nd2 {[%emt 0:00:00]} dxe4 {[%emt 0:00:00]} 4. Nxe4 {[%emt 0:00:00]} Nd7 {[%emt 0:00:00]} 5. Nf3 {[%emt 0:00:02]} Ngf6 {[%emt 0:00:00]} 6. Bd3 {[%emt 0:00:25]} Be7 {[%emt 0:00:02]} 7. Qe2 {[%emt 0:00:35]} O-O {[%emt 0:00:21]} 8. O-O {[%emt 0:01:26]} b6 {[%emt 0:00:38]} 9. Bg5 {[%emt 0:07:26]} Bb7 {[%emt 0:00:07]} 10. Nxf6+ {[%emt 0:00:17]} Bxf6 {[%emt 0:02:42]} 11. Bxf6 {[%emt 0:00:16]} Nxf6 {[%emt 0:00:16]} 12. Rad1 {[%emt 0:01:09]} Qd5 {[%emt 0:02:44]} 13. c4 {[%emt 0:01:12]} Qh5 {[%emt 0:00:07]} 14. Ne5 {[%emt 0:00:24]} Qxe2 {[%emt 0:00:44]} 15. Bxe2 {[%emt 0:00:02]} Rfd8 {[%emt 0:01:10]} 16. f4 {[%emt 0:03:00]} g6 {[%emt 0:03:21]} 17. g4 {[%emt 0:12:00]} Nd7 {[%emt 0:08:42]} 18. Kf2 {[%emt 0:03:56]} c5 {[%emt 0:01:20]} 19. Nxd7 {[%emt 0:00:25]} Rxd7 {[%emt 0:00:07]} 20. dxc5 {[%emt 0:00:38]} Rxd1 {[%emt 0:01:26]} 21. Rxd1 {[%emt 0:00:07]} bxc5 {[%emt 0:02:54]} 22. Rd7 {[%emt 0:00:14]} Rb8 {[%emt 0:00:39]} 23. b3 {[%emt 0:05:39]} a5 {[%emt 0:00:31]} 24. Rc7 {[%emt 0:00:05]} Be4 {[%emt 0:00:09]} 25. Rxc5 {[%emt 0:00:27]} a4 {[%emt 0:00:08]} 26. Rb5 {[%emt 0:03:51]} Rxb5 {[%emt 0:01:04]} 27. cxb5 {[%emt 0:00:07]} axb3 {[%emt 0:00:03]} 28. axb3 {[%emt 0:00:05]} Kf8 {[%emt 0:00:06]} 29. Bf3 {[%emt 0:00:11]} Bxf3 {[%emt 0:00:20]} 30. Kxf3 {[%emt 0:00:04]} Ke7 {[%emt 0:00:04]} 31. Ke4 {[%emt 0:02:08]} Kd6 {[%emt 0:00:17]} 32. g5 {[%emt 0:03:04]} e5 {[%emt 0:00:42]} 33. b4 {[%emt 0:00:48]} exf4 {[%emt 0:00:34]} 34. Kxf4 {[%emt 0:00:02]} Kd5 {[%emt 0:00:15]} 35. b6 {[%emt 0:00:28]} Kc6 {[%emt 0:00:06]} 36. Ke5 {[%emt 0:00:03]} 1-0

[Event "Anderssen Festival 2019"]
[Site "Wroclaw"]
[Date "2019.08.08"]
[Round "6.14"]
[White "Malecki, Rafal"]
[Black "Dytman, Radoslaw"]
[Result "1/2-1/2"]
[WhiteElo "2063"]
[BlackElo "1745"]
[Annotator "NA"]
[PlyCount "73"]
[EventDate "2019.08.05"]
[EventType "swiss"]
[EventCountry "POL"]
[SourceTitle "playchess.com"]
[Source "ChessBase"]
[SourceQuality "1"]
[TimeControl "40/5400+30:900+30"]

1. Nf3 Nf6 2. g3 g6 3. Bg2 Bg7 4. O-O O-O 5. d3 d6 6. e4 Nbd7 7. Nbd2 e5 8. a4 h6 9. Nh4 Kh7 10. Nc4 Ng8 11. a5 a6 12. Ne3 Bf6 13. Nf3 Ne7 14. d4 Nc6 15. d5 Ne7 16. h4 Bg7 17. h5 Nf6 18. hxg6+ fxg6 19. Nd2 h5 20. b4 Bd7 21. c4 Bh6 22. Ra3 Rf7 23. c5 Bb5 24. Re1 Qd7 25. Ndc4 Raf8 26. cxd6 cxd6 27. Nb6 Qd8 28. f3 Nd7 29. Nec4 Nxb6 30. Nxb6 Nc8 31. Bxh6 Kxh6 32. Nxc8 Qxc8 33. Qd2+ g5 34. Rc1 Qd7 35. Rac3 Kg6 36. Re3 g4 37. Rcc3 1/2-1/2

[Event "Anderssen Festival 2019"]
[Site "Wroclaw"]
[Date "2019.08.08"]
[Round "6.15"]
[White "Socha, Kamil"]
[Black "Verwoert, Jef"]
[Result "1-0"]
[WhiteElo "1741"]
[BlackElo "2034"]
[Annotator "NA"]
[PlyCount "73"]
[EventDate "2019.08.05"]
[EventType "swiss"]
[EventCountry "POL"]
[SourceTitle "playchess.com"]
[Source "ChessBase"]
[SourceQuality "1"]
[TimeControl "40/5400+30:900+30"]

1. Nf3 {[%emt 0:02:50]} c5 {[%emt 0:00:00]} 2. e4 {[%emt 0:00:20]} g6 {[%emt 0:00:00]} 3. c3 {[%emt 0:00:24]} d5 {[%emt 0:02:08]} 4. e5 {[%emt 0:00:20]} Bg7 {[%emt 0:01:02]} 5. d4 {[%emt 0:00:13]} Nc6 {[%emt 0:12:18]} 6. Be2 {[%emt 0:04:38]} cxd4 {[%emt 0:02:32]} 7. cxd4 {[%emt 0:00:15]} Nh6 {[%emt 0:02:28]} 8. h3 {[%emt 0:01:11]} O-O {[%emt 0:00:40]} 9. Nc3 {[%emt 0:00:44]} e6 {[%emt 0:05:31]} 10. O-O {[%emt 0:00:12]} f6 {[%emt 0:06:16]} 11. exf6 {[%emt 0:00:55]} Qxf6 {[%emt 0:00:32]} 12. Bg5 {[%emt 0:01:17]} Qf7 {[%emt 0:00:43]} 13. g4 {[%emt 0:03:41]} Qd7 {[%emt 0:15:24]} 14. Qd2 {[%emt 0:13:17]} Nf7 {[%emt 0:02:53]} 15. Bf4 {[%emt 0:03:07]} e5 {[%emt 0:15:47]} 16. Nxe5 {[%emt 0:04:40]} Nfxe5 {[%emt 0:03:18]} 17. dxe5 {[%emt 0:01:39]} Qf7 {[%emt 0:13:49]} 18. Bg3 {[%emt 0:08:20]} d4 {[%emt 0:01:50]} 19. Nb5 {[%emt 0:02:14]} Nxe5 {[%emt 0:01:18]} 20. Nxd4 {[%emt 0:02:06]} Rd8 {[%emt 0:00:28]} 21. Qa5 {[%emt 0:12:25]} Rd5 {[%emt 0:02:55]} 22. Nb5 {[%emt 0:01:17]} a6 {[%emt 0:03:03]} 23. Rad1 {[%emt 0:00:36]} Bd7 {[%emt 0:00:22]} 24. Rxd5 {[%emt 0:01:17]} Qxd5 {[%emt 0:00:13]} 25. Rd1 {[%emt 0:00:56]} Qc6 {[%emt 0:06:22]} 26. Nc7 {[%emt 0:04:10]} Rc8 {[%emt 0:00:29]} 27. Bxe5 {[%emt 0:01:45]} Bxe5 {[%emt 0:00:02]} 28. Qxe5 {[%emt 0:00:14]} Rxc7 {[%emt 0:00:42]} 29. b3 {[%emt 0:04:30]} b5 {[%emt 0:00:10]} 30. a4 {[%emt 0:00:22]} Rc8 {[%emt 0:01:07]} 31. axb5 {[%emt 0:01:26]} axb5 {[%emt 0:00:04]} 32. Bf1 {[%emt 0:02:23]} Re8 {[%emt 0:00:33]} 33. Qd5+ {[%emt 0:00:42]} Qxd5 {[%emt 0:00:07]} 34. Rxd5 {[%emt 0:00:06]} Bc6 {[%emt 0:00:49]} 35. Rc5 {[%emt 0:00:18]} Bf3 {[%emt 0:00:20]} 36. Bxb5 {[%emt 0:00:40]} Bd1 {[%emt 0:00:49]} 37. Bxe8 {[%emt 0:00:12]} 1-0

[Event "Anderssen Festival 2019"]
[Site "Wroclaw"]
[Date "2019.08.08"]
[Round "6.16"]
[White "Jablonska, Sabina"]
[Black "Seredyn, Dominik"]
[Result "1-0"]
[WhiteElo "1963"]
[BlackElo "1737"]
[Annotator "NA"]
[PlyCount "67"]
[EventDate "2019.08.05"]
[EventType "swiss"]
[EventCountry "POL"]
[SourceTitle "playchess.com"]
[Source "ChessBase"]
[SourceQuality "1"]
[TimeControl "40/5400+30:900+30"]

1. d4 {[%emt 0:00:00]} d5 {[%emt 0:00:00]} 2. Bf4 {[%emt 0:00:00]} Nf6 {[%emt 0:00:00]} 3. e3 {[%emt 0:00:02]} c5 {[%emt 0:00:00]} 4. c3 {[%emt 0:00:11]} Nc6 {[%emt 0:00:05]} 5. Nd2 {[%emt 0:01:19]} Bf5 {[%emt 0:00:47]} 6. Qb3 {[%emt 0:11:28]} Qd7 {[%emt 0:03:09]} 7. Ngf3 {[%emt 0:09:27]} c4 {[%emt 0:00:16]} 8. Qd1 {[%emt 0:02:41]} e6 {[%emt 0:01:17]} 9. Ne5 {[%emt 0:10:55]} Nxe5 {[%emt 0:00:17]} 10. dxe5 {[%emt 0:00:07]} Ne4 {[%emt 0:00:55]} 11. Nxe4 {[%emt 0:02:14]} Bxe4 {[%emt 0:00:09]} 12. f3 {[%emt 0:05:40]} Bg6 {[%emt 0:00:13]} 13. a4 {[%emt 0:05:51]} a6 {[%emt 0:05:30]} 14. b3 {[%emt 0:03:39]} cxb3 {[%emt 0:01:36]} 15. Qxb3 {[%emt 0:00:07]} Be7 {[%emt 0:04:30]} 16. h4 {[%emt 0:08:06]} h6 {[%emt 0:00:54]} 17. c4 {[%emt 0:04:32]} dxc4 {[%emt 0:02:25]} 18. Bxc4 {[%emt 0:00:18]} O-O {[%emt 0:01:40]} 19. h5 {[%emt 0:01:31]} Bh7 {[%emt 0:00:08]} 20. O-O {[%emt 0:03:02]} Rfd8 {[%emt 0:03:49]} 21. Rfd1 {[%emt 0:11:25]} Qc7 {[%emt 0:03:15]} 22. e4 {[%emt 0:01:01]} Bc5+ {[%emt 0:00:28]} 23. Kh1 {[%emt 0:07:45]} Rac8 {[%emt 0:05:34]} 24. Rxd8+ {[%emt 0:02:58]} Rxd8 {[%emt 0:01:03]} 25. Rd1 {[%emt 0:03:59]} Kh8 {[%emt 0:03:34]} 26. g4 {[%emt 0:01:59]} Rxd1+ {[%emt 0:01:49]} 27. Qxd1 {[%emt 0:00:06]} Qe7 {[%emt 0:00:05]} 28. Bg3 {[%emt 0:01:13]} g6 {[%emt 0:05:16]} 29. hxg6 {[%emt 0:00:33]} Bxg6 {[%emt 0:00:08]} 30. Kg2 {[%emt 0:00:08]} Kg7 {[%emt 0:02:09]} 31. Bf4 {[%emt 0:01:45]} Qh4 {[%emt 0:01:24]} 32. Qd2 {[%emt 0:00:33]} h5 {[%emt 0:15:02]} 33. Bg5 {[%emt 0:00:36]} Bb4 {[%emt 0:00:26]} 34. Bf6+ {[%emt 0:00:15]} 1-0

[Event "Anderssen Festival 2019"]
[Site "Wroclaw"]
[Date "2019.08.08"]
[Round "6.17"]
[White "Szajda, Marcin"]
[Black "Pokusinski, Antoni"]
[Result "1/2-1/2"]
[WhiteElo "1955"]
[BlackElo "1671"]
[Annotator "NA"]
[PlyCount "80"]
[EventDate "2019.08.05"]
[EventType "swiss"]
[EventCountry "POL"]
[SourceTitle "playchess.com"]
[Source "ChessBase"]
[SourceQuality "1"]
[TimeControl "40/5400+30:900+30"]

1. e4 c6 2. d4 d5 3. Nc3 dxe4 4. Nxe4 Nd7 5. Ng5 Ngf6 6. Bd3 e6 7. N1f3 Bd6 8. Qe2 Qe7 9. Bd2 h6 10. Ne4 Nxe4 11. Qxe4 Nf6 12. Qe2 b6 13. O-O-O Bb7 14. Kb1 O-O-O 15. Ne5 Bxe5 16. dxe5 Nd5 17. Ba6 Bxa6 18. Qxa6+ Qb7 19. Qxb7+ Kxb7 20. c4 Ne7 21. Bc3 Kc7 22. Kc2 c5 23. Rxd8 Rxd8 24. Rd1 Rxd1 25. Kxd1 Kc6 26. Ke2 b5 27. b3 bxc4 28. bxc4 Nc8 29. Kd3 Ne7 30. f4 h5 31. g3 Nf5 32. Be1 g6 33. h3 a6 34. g4 hxg4 35. hxg4 Nh6 36. g5 Nf5 37. Bf2 Kb6 38. Be1 Nd4 39. Bc3 Nc6 40. Kc2 Ne7 1/2-1/2

[Event "Anderssen Festival 2019"]
[Site "Wroclaw"]
[Date "2019.08.08"]
[Round "6.18"]
[White "Krawiec, Grzegorz"]
[Black "Korpalski, Maciej"]
[Result "0-1"]
[WhiteElo "1816"]
[BlackElo "1954"]
[Annotator "NA"]
[PlyCount "42"]
[EventDate "2019.08.05"]
[EventType "swiss"]
[EventCountry "POL"]
[SourceTitle "playchess.com"]
[Source "ChessBase"]
[SourceQuality "1"]
[TimeControl "40/5400+30:900+30"]

1. e4 {[%emt 0:00:00]} c5 {[%emt 0:00:03]} 2. Nf3 {[%emt 0:00:00]} d6 {[%emt 0:00:05]} 3. d4 {[%emt 0:00:00]} cxd4 {[%emt 0:00:05]} 4. Nxd4 {[%emt 0:00:00]} Nf6 {[%emt 0:00:06]} 5. Nc3 {[%emt 0:00:00]} a6 {[%emt 0:00:06]} 6. g3 {[%emt 0:03:21]} e6 {[%emt 0:00:54]} 7. Bg2 {[%emt 0:03:32]} Be7 {[%emt 0:00:10]} 8. O-O {[%emt 0:00:21]} O-O {[%emt 0:00:06]} 9. Be3 {[%emt 0:00:21]} Qc7 {[%emt 0:06:49]} 10. Rc1 {[%emt 0:07:44]} Nc6 {[%emt 0:03:02]} 11. Qe2 {[%emt 0:05:38]} Rd8 {[%emt 0:06:36]} 12. Rfd1 {[%emt 0:01:21]} Na5 {[%emt 0:09:11]} 13. Bd2 {[%emt 0:13:16]} Nc4 {[%emt 0:02:00]} 14. b3 {[%emt 0:00:54]} Nxd2 {[%emt 0:01:23]} 15. Qxd2 {[%emt 0:00:06]} d5 {[%emt 0:05:05]} 16. exd5 {[%emt 0:02:40]} exd5 {[%emt 0:00:15]} 17. Nce2 {[%emt 0:06:04]} Bg4 {[%emt 0:08:24]} 18. c4 {[%emt 0:05:48]} Qb6 {[%emt 0:07:22]} 19. h3 {[%emt 0:11:53]} Bh5 {[%emt 0:12:45]} 20. Qg5 {[%emt 0:06:04]} h6 {[%emt 0:06:15]} 21. Qh4 {[%emt 0:00:39]} g5 0-1

[Event "Anderssen Festival 2019"]
[Site "Wroclaw"]
[Date "2019.08.08"]
[Round "6.19"]
[White "Pawicka, Magdalena"]
[Black "Barbier, Astrid"]
[Result "0-1"]
[WhiteElo "1700"]
[BlackElo "1941"]
[Annotator "NA"]
[PlyCount "51"]
[EventDate "2019.08.05"]
[EventType "swiss"]
[EventCountry "POL"]
[SourceTitle "playchess.com"]
[Source "ChessBase"]
[SourceQuality "1"]
[TimeControl "40/5400+30:900+30"]

1. e4 {[%emt 0:00:00]} c5 {[%emt 0:00:00]} 2. Nf3 {[%emt 0:00:00]} g6 {[%emt 0:00:00]} 3. d4 {[%emt 0:00:00]} cxd4 {[%emt 0:00:00]} 4. Nxd4 {[%emt 0:00:00]} Nc6 {[%emt 0:00:00]} 5. Nc3 {[%emt 0:00:06]} Bg7 {[%emt 0:00:00]} 6. Be3 {[%emt 0:00:07]} Nf6 {[%emt 0:00:00]} 7. Bc4 {[%emt 0:00:34]} O-O {[%emt 0:00:05]} 8. Bb3 {[%emt 0:00:03]} a5 {[%emt 0:00:04]} 9. O-O {[%emt 0:00:45]} a4 {[%emt 0:00:10]} 10. Nxa4 {[%emt 0:02:33]} Nxe4 {[%emt 0:00:14]} 11. Nb5 {[%emt 0:05:32]} Ra6 {[%emt 0:00:22]} 12. Re1 {[%emt 0:10:10]} d6 {[%emt 0:04:59]} 13. Nd4 {[%emt 0:07:23]} Nf6 {[%emt 0:05:17]} 14. Nxc6 {[%emt 0:05:02]} bxc6 {[%emt 0:02:58]} 15. Nc3 {[%emt 0:02:20]} h6 {[%emt 0:07:49]} 16. h3 {[%emt 0:03:11]} Kh7 {[%emt 0:05:17]} 17. Qf3 {[%emt 0:07:18]} d5 {[%emt 0:10:21]} 18. Bd4 {[%emt 0:08:37]} Nd7 {[%emt 0:02:03]} 19. Bxg7 {[%emt 0:00:32]} Kxg7 {[%emt 0:00:07]} 20. Qg3 {[%emt 0:05:08]} e5 {[%emt 0:04:18]} 21. f4 {[%emt 0:03:20]} e4 {[%emt 0:03:10]} 22. f5 {[%emt 0:02:02]} g5 {[%emt 0:03:02]} 23. Rf1 f6 {[%emt 0:00:30]} 24. Ne2 Ne5 {[%emt 0:00:30]} 25. Rad1 Qb6+ {[%emt 0:00:30]} 26. Kh1 0-1

[Event "Anderssen Festival 2019"]
[Site "Wroclaw"]
[Date "2019.08.08"]
[Round "6.20"]
[White "Slusarczyk, Anna"]
[Black "Krawiecki, Stanislaw"]
[Result "0-1"]
[WhiteElo "1328"]
[BlackElo "1923"]
[Annotator "NA"]
[PlyCount "82"]
[EventDate "2019.08.05"]
[EventType "swiss"]
[EventCountry "POL"]
[SourceTitle "playchess.com"]
[Source "ChessBase"]
[SourceQuality "1"]
[TimeControl "40/5400+30:900+30"]

1. d4 Nf6 2. c4 g6 3. Nc3 d5 4. Nf3 Bg7 5. Qb3 dxc4 6. Qxc4 O-O 7. Bf4 Na6 8. e4 c5 9. Rd1 Qa5 10. Bd2 cxd4 11. Nxd4 Qc5 12. Nb3 Qxc4 13. Bxc4 Nc7 14. O-O Be6 15. Bxe6 Nxe6 16. e5 Nd7 17. f4 Nb6 18. Be1 Rfd8 19. Bh4 Rxd1 20. Rxd1 Nxf4 21. g3 Nh3+ 22. Kg2 g5 23. Kxh3 gxh4 24. gxh4 Bxe5 25. Nc5 Bxc3 26. bxc3 Rc8 27. Rg1+ Kf8 28. Rg5 e6 29. Ne4 Ke7 30. Rg7 Rc4 31. Ng5 Rxc3+ 32. Kg4 h6 33. h5 Rc4+ 34. Kg3 hxg5 35. h6 Rh4 36. Rg8 Nd7 37. Ra8 Rxh6 38. Rxa7 b6 39. h3 Rh4 40. Ra3 f5 41. Kg2 g4 0-1